| 000 | 00354nam a2200145 a 4500 | ||
|---|---|---|---|
| 008 | 000503s1970||||xx 0 und c | ||
| 040 |
_aSNK _bslo _cSNK _eAACR2 |
||
| 100 | 1 | _aDalčev, Atanas | |
| 245 | 1 | 0 | _aProtivný vietor |
| 260 |
_av Bratislave _bSlovenský spisovateľ _c1970 |
||
| 300 | _a114 s. | ||
| 020 | _c12 | ||
| 044 |
_axo _cSK |
||
| 041 | _aslo | ||
| 999 |
_c10454 _d10454 |
||